| 000 | 00583nam a22001937a 4500 | ||
|---|---|---|---|
| 005 | 20251108175111.0 | ||
| 008 | 250721s2010 xx 000 0 ara d | ||
| 082 | 1 | 4 | _aط/372.3/وجه |
| 100 | 1 | _aمنسى، إيلين نور | |
| 245 | 1 | 0 | _aوجهاً لوجة مع حرائق الغابات / |
| 264 | 1 |
_aبيروت : _bأكاديميا، _c2010. |
|
| 300 | _a24ص. | ||
| 490 | 0 | _aالكوارث الطبيعية | |
| 650 | 1 | 7 | _aالتعلم |
| 650 | 1 | 7 | _aالحرائق |
| 653 | _aمرحلة ناشؤون كبار (15-18) سنة | ||
| 942 |
_2ddc _cBK |
||
| 999 |
_c126155 _d126155 |
||